Online
Catalog

Maquinaciones poéticas / (Record no. 4947)

MARC details
000 -CABECERA
campo de control de longitud fija 00772cam a2200229 a 4500
001 - NÚMERO DE CONTROL
campo de control 000005144
005 - FECHA Y HORA DE LA ÚLTIMA TRANSACCIÓN
campo de control 20200929151606.0
008 - DATOS DE LONGITUD FIJA--INFORMACIÓN GENERAL
campo de control de longitud fija 900124s1983 sp 000 0 spa d
020 ## - NÚMERO INTERNACIONAL ESTÁNDAR DEL LIBRO
Número Internacional Estándar del Libro 8400054997
040 ## - FUENTE DE LA CATALOGACIÓN
Centro catalogador/agencia de origen DO-SdBNP
Lengua de catalogación spa
Centro/agencia transcriptor LC
Centro/agencia modificador BNPHU
050 00 - SIGNATURA TOPOGRÁFICA DE LA BIBLIOTECA DEL CONGRESO
Número de clasificación MLCM 90/02182 (P)
082 ## - NÚMERO DE LA CLASIFICACIÓN DECIMAL DEWEY
Número de clasificación nn*
Número de documento/Ítem A775m
049 ## - FONDOS LOCALES (OCLC)
Fondos de biblioteca BNGR
100 1# - ENTRADA PRINCIPAL--NOMBRE DE PERSONA
Nombre de persona Arribas, Oscar,
Fechas asociadas al nombre 1954-
9 (RLIN) 14722
245 10 - MENCIÓN DE TÍTULO
Título Maquinaciones poéticas /
Mención de responsabilidad, etc. Oscar Arribas.
260 ## - PUBLICACIÓN, DISTRIBUCIÓN, ETC.
Lugar de publicación, distribución, etc. Zaragoza :
Nombre del editor, distribuidor, etc. Institución "Fernando el Católico",
Fecha de publicación, distribución, etc. 1983.
300 ## - DESCRIPCIÓN FÍSICA
Extensión 80 p. ;
Dimensiones 25 cm.
490 1# - MENCIÓN DE SERIE
Mención de serie "San Jorge" ;
Designación de volumen o secuencia 36
490 1# - MENCIÓN DE SERIE
Mención de serie Publicación núm. 950 de la Institución "Fernando el Católico"
830 #0 - PUNTO DE ACCESO ADICIONAL DE SERIE-TÍTULO UNIFORME
Título uniforme Publicación ... de la Institución "Fernando el Católico" ;
Designación de volumen o secuencia no. 950.
9 (RLIN) 14723
910 ## - DATOS DE OPCIÓN DEL USUARIO (OCLC)
Datos de opción del usuario Catalogación por copia / LC
Holdings
Estado de retiro Estado de pérdida Restricciones de uso No para préstamo Código de colección Localización permanente Ubicación/localización actual Ubicación en estantería Fecha de adquisición Número de inventario Total de préstamos Signatura topográfica completa Código de barras Fecha visto por última vez Precio válido a partir de Tipo de ítem Koha
        Monografías: Libros y Folletos General General En catalogación 29.07.2009 LF1   nn* A775m 5144-10 25.06.2020 25.06.2020 Préstamo en sala

Powered by Koha